| 000 | 00468pab a2200169 454500 | ||
|---|---|---|---|
| 008 | 180718b2000 xxu||||| |||| 00| 0 eng d | ||
| 100 | _aSeshadri, K. | ||
| 245 | _aGood governance: Ideological basis and administrative reality (Review article) | ||
| 260 | _c2000 | ||
| 300 | _ap.690-700. | ||
| 362 | _aOct-Dec | ||
| 650 | _aReview article | ||
| 650 | _aPublic administration | ||
| 773 | _aIndian Journal of Public Administration | ||
| 908 | _aN | ||
| 909 | _a48376 | ||
| 999 |
_c48376 _d48376 |
||